Radio, racismo y política exterior.
Guardado en:
| Formato: | |
|---|---|
| Series: | Entre dos guerras
|
| Materias: | |
| Etiquetas: |
Agregar Etiqueta
Sin Etiquetas, Sea el primero en etiquetar este registro!
|
| LEADER | 01005ngm a22002655g 4500 | ||
|---|---|---|---|
| 001 | CEM.cems021637 | ||
| 008 | 130507b1992##################0###0#####d | ||
| 005 | 20240902175726.0 | ||
| 245 | 0 | 0 | |a Radio, racismo y política exterior. |
| 300 | |a 23 | ||
| 490 | 0 | |a Entre dos guerras | |
| 500 | |a En soporte VHS, consultar en ventanilla. | ||
| 505 | 0 | |a Ku Klux Klan y el racismo en 1920. Xenofobia y aislacionismo norteamericanos. Hechos políticos mundiales. Grupos sufragistas femeninos. El cruce del Atlántico. Relación Francia-EEUU. Colapso económico y depresión. | |
| 538 | |a Soporte: VHS - Norma: Pal N - Color - Grabación DRD 1992 - Hitachi=3965 | ||
| 082 | 9 | 7 | |. 91/SCH-3 |
| 653 | |a RACISMO | ||
| 653 | |a HISTORIA | ||
| 653 | |a EEUU-HISTORIA | ||
| 653 | |a KU KLUX KLAN | ||
| 653 | |a EEUU-RACISMO | ||
| 653 | |a XENOFOBIA | ||
| 653 | |a DEPRESION ECONOMICA | ||
| 653 | |a DISCRIMINACION | ||
| 653 | |a NIVEL SECUNDARIO | ||
| 859 | |a CEMS |b BIB. CEMS - Depto. Recursos Didacticos |h 973.91 |i SCH-3 |k DRD |p 280.12 |t Ej.1 | ||
